Piscicultura intensiva /
Guardado en:
| Autor Principal: | |
|---|---|
| Otros Autores: | , |
| Formato: | Libro |
| Publicado: |
Zaragoza :
Acribia,
1999
|
| Materias: | |
| Etiquetas: |
Agregar Etiqueta
Sin Etiquetas, Sea el primero en etiquetar este registro!
|
| LEADER | 01222nam a22002775a 4500 | ||
|---|---|---|---|
| 001 | CEM.cems017109 | ||
| 005 | 20130604112002.0 | ||
| 008 | 130507s1999##################000#0#####d | ||
| 003 | CEMS | ||
| 020 | |a 8420008745 | ||
| 082 | 0 | 4 | |a 639.3 |
| 100 | 1 | |a Shepherd, Jonathan C. | |
| 245 | 1 | 0 | |a Piscicultura intensiva / |c Jonathan C. Shepherd, Niall R. Bromage ; traducción de Francisco Fábregas Giné |
| 260 | |a Zaragoza : |b Acribia, |c 1999 | ||
| 300 | |a 405 p. | ||
| 505 | 0 | |a Qué es la Piscicultura, Jonathan Sheperd -- Necesidades de los peces y evaluación del lugar de instalación, Niall, Bromage y Jonathan Sheperd -- Sistemas de manejo y práctica / Niall, Bromage y Jonathan Sheperd -- Propagación y mejora de existencias / Niall, Bromage -- Nutrición y crecimiento / Takeshi Watanabe -- Salud y enfermedad en los peces / Jonathan Sheperd | |
| 653 | |a Piscicultura | ||
| 653 | |a Piscicultura-eeuu | ||
| 653 | |a Piscicultura-japón | ||
| 653 | |a Peces-cría de | ||
| 653 | |a Demanda bioquímica de oxígeno | ||
| 653 | |a Demanda biológica de oxígeno | ||
| 653 | |a Dbo | ||
| 700 | 1 | |a Bromage, Niall R. | |
| 700 | 1 | |a Fábregas Gin, Francisco, trad. | |
| 859 | |a CEMS |b BIB. CEMS - Agricultura |h 639.3 |i S482 |p A0800.08 |t Ej.1 | ||
